Normal view
MARC view
Entry Personal Name
001 - CONTROL NUMBER
- control field: 7007
003 - CONTROL NUMBER IDENTIFIER
- control field: TR-AnCHP
005 - DATE AND TIME OF LATEST TRANSACTION
- control field: 20220310133305.0
008 - FIXED-LENGTH DATA ELEMENTS
- fixed length control field: 220310|| aca||aabn | a|a d
040 ## - CATALOGING SOURCE
- Original cataloging agency: TR-AnCHP
100 ## - HEADING--PERSONAL NAME
- Personal name: Sivrioğlu, Ulaş Töre
